Νταή Παναγιώτης

Αποθηκεύτηκε σε:
Λεπτομέρειες βιβλιογραφικής εγγραφής
Κύριος συγγραφέας: Παλαιολόγος, Κλεάνθης, 1902-1991
Μορφή: Βιβλίο
Γλώσσα:Greek
Δημοσίευση: Αθήνα : [χ.ό.], 1970
Θέματα:
Ετικέτες: Προσθήκη ετικέτας
Δεν υπάρχουν, Καταχωρήστε ετικέτα πρώτοι!

MARC

LEADER 00000cam a2200000 i 4500
001 1/99924
008 081220s1970 gre d
035 |l 10102652 
040 |a GR-MY-UA  |b gre  |e aacr 
041 0 |a gre 
082 0 |a 889.334  |2 (22) 
100 1 |a Παλαιολόγος, Κλεάνθης,   |d 1902-1991. 
245 1 0 |a Νταή Παναγιώτης /  |c Κλ. Παλαιολόγου 
260 |a Αθήνα :   |b [χ.ό.],   |c 1970 
300 |a 332 σ.;  |c 22 εκ. 
650 0 0 |a Greek fiction. 
650 0 0 |a Greek literature. 
852 |a INST  |b RHODES  |c AKA  |e 20081220  |h  889.334 ΠΑΛ  |p 005400031703  |q 005400031703  |t BK  |y 0 
901 |a BIBL4-2008-3 
909 |a Ρ  |b 156748 
970 |a ΚΟΖΑ  |b ΜΑΡΙΑ  |z 2008/12/20